MARC

LEADER 00000nab a2200000 a 4500
001 vtls010353114
003 SK-MaSNL
005 20260318124353.0
008 120419c2011 xo wr p 000 c0ukr
015 |a SNBRB2012/04 
038 |a SVKPOCL 
040 |a SVKPOCL  |b slo  |c SVKPOCL  |e AACR2 
041 0 |a ukr 
044 |a xo  |c SK 
080 |a 78.087.684  |2 2001 
080 |a 78.091  |2 2001 
100 1 |a Iľuk, Miroslav,  |d 1942-  |4 aut  |9 6395 
245 1 0 |a Studenty z Kyjeva polonyly hljadačiv  |c [avtor] -mi- 
300 |b Fotogr. 
610 2 7 |a Narodnaj chor Kyjivs'koho nacional'noho universytetu kul'tury i mystectv (spevácky zbor : Kyjev, Ukrajina)  |2 svkpocl  |9 1496328 
610 2 7 |a Kralycja (spevácky zbor : Kyjev, Ukrajina)  |2 svkpocl  |9 1496329 
610 2 7 |a Park kultúry a oddychu (Prešov, Slovensko)  |2 svkpocl  |9 35070 
648 7 |a 2.5.2011  |2 svkpocl  |9 1229666 
650 0 7 |a miešané zbory  |2 svkpocl  |9 72852 
650 0 7 |a koncerty  |2 svkpocl  |9 19182 
651 7 |a Kyjev (Ukrajina)  |2 svkpocl  |9 30606 
651 7 |a Prešov (Slovensko)  |2 svkpocl  |9 17347 
773 0 |t Nove žyttja  |g Roč. 61, č. 17-18 (2011), s. 3 
852 |a SVKPO  |b KIS3GCP 
856 4 1 |u www.rusini-ukrajinci.tym.sk 
958 |a UK 
958 |a SK 
958 |a UA 
999 |c 2985421  |d 2987351